The global competitiveness report 2006-2007 (Record no. 50730)

MARC details
000 -LEADER
fixed length control field 00618nam a2200181Ia 4500
008 - FIXED-LENGTH DATA ELEMENTS--GENERAL INFORMATION
fixed length control field 191130s2006##################000#0#eng##
020 ## - INTERNATIONAL STANDARD BOOK NUMBER
ISBN 9781403996367
082 ## - DEWEY DECIMAL CLASSIFICATION NUMBER
Classification number 338.6048 LOP
245 ## - TITLE STATEMENT
Title The global competitiveness report 2006-2007
Statement of responsibility, etc edited by Michael E. Porter, Klaus Schwab and Augusto López-Claros
260 ## - PUBLICATION, DISTRIBUTION, ETC. (IMPRINT)
Place of publication Basingstoke, Hampshire
Name of publisher Palgrave Macmillan
Year of publication 2006
300 ## - PHYSICAL DESCRIPTION
Number of Pages xxviii, 570 p. : ill. ; 28 cm
650 ## - SUBJECT ADDED ENTRY--TOPICAL TERM
Topical Term Economic development -- Statistics
700 ## - ADDED ENTRY--PERSONAL NAME
Personal name López-Claros., Augusto
991 ## -
-- 356588
Holdings
Withdrawn status Lost status Damaged status Not for loan Home library Current library Shelving location Date acquired Full call number Accession Number Price effective from Koha item type
        Anna Centenary Library Anna Centenary Library 4TH FLOOR, A WING 09.10.2020 338.6048 LOP 305936 09.10.2020 English Books

Find us on the map